LEADER 00894nam0 2200229 i 450 001 SUN0017992 005 20101027120000.0 100 $a20040617d1986 |0itac50 ba 101 $aita 102 $aIT 105 $a|||| ||||| 200 1 $aKlee 210 $aSesto San Giovanni$cPeruzzo$d1986 215 $a[8] c. di tav.$dill. : 34 cm. 410 1$1001SUN0017107$12001 $aˆI ‰giganti della pittura$1210 $aSesto San Giovanni$cPeruzzo. 700 1$aKlee$b, Paul$3SUNV018760$0204619 801 $aIT$bSOL$c20181109$gRICA 912 $aSUN0017992 950 $aUFFICIO DI BIBLIOTECA DEL DIPARTIMENTO DI LETTERE E BENI CULTURALI$d07 CONS Pc 1139 $e07 86254 995 $aUFFICIO DI BIBLIOTECA DEL DIPARTIMENTO DI LETTERE E BENI CULTURALI$bIT-CE0103$h86254$kCONS Pc 1139$oc$qa 996 $aKlee$9609427 997 $aUNICAMPANIA